Normal view MARC view
  • Hernández, Julio S.,

Entry Nombre Personal

Number of records used in: 27

001 - NUMERO DE CONTROL

  • campo de control: 28402

003 - IDENTIFICADOR DE NUMERO DE CONTROL

  • campo de control: MX-MxUPN

005 - FECHA Y HORA DE LA ÜLTIMA TRANSACCIÓN

  • campo de control: 20231108084313.0

008 - DATOS DE LONGITUD FIJA

  • campo de control de longitud fija: 231108n||acannaabn | aaa |d

035 ## - NUMERO DE CONTROL

  • Número de control: UPN11000000508

040 ## - FUENTE DE CATALOGACIÓN

  • Agencia original de catalogación: MX-MxUPN
  • Lenguaje de catalogación: spa
  • Agencia de transcripción: MX-MxUPN

100 1# - ENCABEZAMIENTO - NOMBRE PERSONAL

  • Nombre personal: Hernández, Julio S.,
  • Fechas asociadas con el nombre: 1863-1921

670 ## - FUENTE EN LA QUE SE LOCALIZARON DATOS

  • Cita de la fuente: Curso de lecciones de cosas : aritmética, geometría, moral e instrucción cívica : cuarto año escolar, 1899:
  • Información localizada: portada (Julio S. Hernández; profesor normalista, subdirector en la Escuela Normal de México, actual inspector de las Escuelas Nacionales en el Distrito Federal, autor de varias obras científicas y pedagógicas)

680 ## - NOTA PUBLICA DE ACCESO PÚBLICO

  • Frase explicativa de la referencia: Normalista mexicano

902 ## - CATALOGADOR

  • Catalogador: DAA/311007